000 00602cam a22002291 4500
001 sa 67003785
003 DLC
005 20260227112341.0
008 890921s1966 ii j b 000 0 hino
010 _asa 67003785
035 _a(OCoLC)20376700
040 _aDLC
_cWaU
_dDLC
042 _apremarc
050 0 0 _aPK2418.D25
_bZ76
100 1 _aMachwe, Prabhakar Balvant,
_d1917-
245 1 0 _aKeśavasuta.
260 _c[1966]
300 _a77 p.
_bgeneal. table.
_c22 cm.
500 _aIn Hindi.
504 _aBibliography: p. [73]-77.
600 1 0 _aDāmale, Kr̥shṇājī Keśava,
_d1866-1905.
999 _c74067
_d74067